<?xml version="1.0" encoding="UTF-8"?>
<record
    xmlns:xsi="http://www.w3.org/2001/XMLSchema-instance"
    xsi:schemaLocation="http://www.loc.gov/MARC21/slim http://www.loc.gov/standards/marcxml/schema/MARC21slim.xsd"
    xmlns="http://www.loc.gov/MARC21/slim">

  <leader>02108nam a22003377a 4500</leader>
  <controlfield tag="001">000496</controlfield>
  <controlfield tag="003">DO-SdBPM</controlfield>
  <controlfield tag="005">20250822142113.0</controlfield>
  <controlfield tag="007">ta</controlfield>
  <controlfield tag="008">160914b  999 mx      |||| 00| 0 spa d</controlfield>
  <datafield tag="020" ind1=" " ind2=" ">
    <subfield code="a">9701022939</subfield>
  </datafield>
  <datafield tag="040" ind1=" " ind2=" ">
    <subfield code="a">DO-SdBPM</subfield>
    <subfield code="b">spa</subfield>
    <subfield code="c">BPMSU</subfield>
    <subfield code="e">rda</subfield>
  </datafield>
  <datafield tag="082" ind1=" " ind2="4">
    <subfield code="a">658.4052</subfield>
    <subfield code="b">A897a 1999</subfield>
    <subfield code="2">22</subfield>
  </datafield>
  <datafield tag="100" ind1="1" ind2=" ">
    <subfield code="a">Aubuchon, Norbert </subfield>
  </datafield>
  <datafield tag="245" ind1="1" ind2="0">
    <subfield code="a">Anatom&#xED;a de la persuasi&#xF3;n /</subfield>
    <subfield code="c">Norbert Aubuchon ; traducci&#xF3;n Rosa Mar&#xED;a Rosas S&#xE1;nchez.</subfield>
  </datafield>
  <datafield tag="264" ind1=" " ind2=" ">
    <subfield code="a">M&#xE9;xico : </subfield>
    <subfield code="b">McGraw-Hill,</subfield>
    <subfield code="c">1999</subfield>
  </datafield>
  <datafield tag="300" ind1=" " ind2=" ">
    <subfield code="a">xii, 191 p&#xE1;ginas ;</subfield>
    <subfield code="c">23 cm. </subfield>
    <subfield code="b"> </subfield>
  </datafield>
  <datafield tag="336" ind1=" " ind2=" ">
    <subfield code="a">texto</subfield>
    <subfield code="b">txt</subfield>
    <subfield code="2">rdacontent</subfield>
  </datafield>
  <datafield tag="337" ind1=" " ind2=" ">
    <subfield code="a">sin mediaci&#xF3;n </subfield>
    <subfield code="b">n</subfield>
    <subfield code="2">rdamedia </subfield>
  </datafield>
  <datafield tag="338" ind1=" " ind2=" ">
    <subfield code="a">volumen </subfield>
    <subfield code="b">nc</subfield>
    <subfield code="2">rdacarrier </subfield>
  </datafield>
  <datafield tag="500" ind1=" " ind2=" ">
    <subfield code="a">Traducci&#xF3;n de: The anatomy of persuasion, 1st ed., 1997.</subfield>
  </datafield>
  <datafield tag="505" ind1="0" ind2=" ">
    <subfield code="a">Creatividad 20|Dos principios de la comunicaci&#xF3;n 26|El proceso de compra 33|El proceso persuasivo: parte I 40|Necesidades 48|El Proceso persuasivo: parte II 58|Control del proceso persuasivo 69|Caracter&#xED;sticas, funciones y beneficios 82|Establecimiento del objetivo 91|Utilizaci&#xF3;n de las herramientas 98|Estudio de casos: c&#xF3;mo aumentar el personal durante una congelaci&#xF3;n de las contrataciones 109|Estudio de casos: c&#xF3;mo obtener financiamiento para el programa 116|Estudio de casos: c&#xF3;mo ser un cient&#xED;fico de misiles 122|Elabore su propia propuesta 128|El contacto con situaciones reales 137|Puede descubrir los errores? 150|C&#xF3;mo vender ideas a los altos directivos 164|The anatomy of persuasion (La anatom&#xED;a de la persuasi&#xF3;n) como herramienta administrativa 172|Conclusi&#xF3;n: pensar y hablar a partir de los beneficios 177|Lista de comprobaci&#xF3;n de errores comunes 181|The anatomy of persuasion. Gu&#xED;a de preparaci&#xF3;n 184|The anatomy of persuasion. Gu&#xED;a esquem&#xE1;tica 185|The anatomy of persuasion. Diagrama de estructura y alineamiento 186</subfield>
  </datafield>
  <datafield tag="590" ind1=" " ind2=" ">
    <subfield code="a">Inventariado, 2025/VM</subfield>
  </datafield>
  <datafield tag="650" ind1=" " ind2="7">
    <subfield code="a"> Exito </subfield>
  </datafield>
  <datafield tag="650" ind1=" " ind2="7">
    <subfield code="a"> Liderazgo </subfield>
  </datafield>
  <datafield tag="650" ind1=" " ind2="7">
    <subfield code="a"> Persuasi&#xF3;n (Psicolog&#xED;a) </subfield>
  </datafield>
  <datafield tag="650" ind1=" " ind2="7">
    <subfield code="a">T&#xE9;cnicas de Ventas</subfield>
  </datafield>
  <datafield tag="700" ind1="1" ind2=" ">
    <subfield code="a">Rosas S&#xE1;nchez, Rosa Mar&#xED;a </subfield>
    <subfield code="e">traductor </subfield>
  </datafield>
  <datafield tag="910" ind1=" " ind2=" ">
    <subfield code="a">VMateo V. Control de calidad. BPMSU </subfield>
  </datafield>
  <datafield tag="942" ind1=" " ind2=" ">
    <subfield code="2">ddc</subfield>
    <subfield code="c">BK</subfield>
  </datafield>
  <datafield tag="952" ind1=" " ind2=" ">
    <subfield code="0">0</subfield>
    <subfield code="1">0</subfield>
    <subfield code="2">ddc</subfield>
    <subfield code="7">0</subfield>
    <subfield code="8">CG</subfield>
    <subfield code="a">BPMET</subfield>
    <subfield code="b">BPMET</subfield>
    <subfield code="d">2016-09-14</subfield>
    <subfield code="e">Leyda Astacio </subfield>
    <subfield code="l">0</subfield>
    <subfield code="o">BPMSU CG 658.4052 A897a 1999</subfield>
    <subfield code="p">BPMSU16090287</subfield>
    <subfield code="r">2016-09-14</subfield>
    <subfield code="w">2016-09-14</subfield>
    <subfield code="y">BK</subfield>
  </datafield>
  <datafield tag="999" ind1=" " ind2=" ">
    <subfield code="c">11378</subfield>
    <subfield code="d">11378</subfield>
  </datafield>
</record>
